Understanding EU law / (Record no. 8981)

MARC details
000 -LEADER
fixed length control field 00649cam a22002172 4500
001 - CONTROL NUMBER
control field 0000019501
005 - DATE AND TIME OF LATEST TRANSACTION
control field 20151217152156.0
008 - FIXED-LENGTH DATA ELEMENTS--GENERAL INFORMATION
fixed length control field 101221s xx 000 0 eng d
020 ## - INTERNATIONAL STANDARD BOOK NUMBER
International Standard Book Number 1847032799 :
040 ## - CATALOGING SOURCE
Original cataloging agency KABU
Transcribing agency KABU
100 1# - MAIN ENTRY--PERSONAL NAME
Personal name Szyszczak, Erika.
-- 0000179231
245 10 - TITLE STATEMENT
Title Understanding EU law /
Statement of responsibility, etc. Erika Szyszczak, Adam Cygan.
250 ## - EDITION STATEMENT
Edition statement 2nd ed.
260 ## - PUBLICATION, DISTRIBUTION, ETC. (IMPRINT)
Place of publication, distribution, etc. London :
Name of publisher, distributor, etc. Sweet & Maxwell,
Date of publication, distribution, etc. 2008.
300 ## - PHYSICAL DESCRIPTION
Extent lxxxiii, 373 p.
650 #0 - SUBJECT ADDED ENTRY--TOPICAL TERM
Topical term or geographic name as entry element Law
Geographic subdivision European Union countries.
-- 0000160169
700 1# - ADDED ENTRY--PERSONAL NAME
Personal name Cygan, Adam.
-- 0000179232
852 1# - LOCATION
-- p2730 KES
908 ## - PUT COMMAND PARAMETER (RLIN)
Put command parameter 101221
950 ## - LOCAL HOLDINGS (RLIN)
-- 1
Holdings
Withdrawn status Lost status Source of classification or shelving scheme Not for loan Home library Current library Date acquired Total Checkouts Total Renewals Full call number Barcode Date last seen Date last checked out Price effective from Koha item type
    Library of Congress Classification   Kabarak, Main Campus Kabarak, Main Campus 17/12/2015 4 2 KJE947 .S99 2008 c. 1 23185 13/01/2020 18/11/2019 17/12/2015 General Collection
Designed with assistance from East African Informatics Ltd